Lénine / (Record no. 105781)

MARC details
000 -LEADER
campo de control de longitud fija 00724nam a2200241 i 4500
001 - NÚMERO DE CONTROL
campo de control 105781
003 - IDENTIFICADOR DE NÚMERO DE CONTROL
campo de control ES-MaACL
005 - FECHA Y HORA DE LA ÚLTIMA TRANSACCIÓN
campo de control 20250417063057.0
007 - CAMPO FIJO DE DESCRIPCIÓN FÍSICA--INFORMACIÓN GENERAL
campo de control de longitud fija t|
008 - DATOS DE LONGITUD FIJA--INFORMACIÓN GENERAL
campo de control de longitud fija 060828s1965 fr ||||1| fre d
080 ## - NÚMERO DE LA CLASIFICACIÓN DECIMAL UNIVERSAL
Número de la Clasificación Decimal Universal 32 Lenin, Vladimir Ilyich
080 ## - NÚMERO DE LA CLASIFICACIÓN DECIMAL UNIVERSAL
Número de la Clasificación Decimal Universal 330.840
100 1# - ENTRADA PRINCIPAL--NOMBRE DE PERSONA
Nombre de persona Lukács, György,
Fechas asociadas al nombre 1885-1971
9 (RLIN) 74718
245 10 - MENCIÓN DEL TÍTULO
Título Lénine /
Mención de responsabilidad, etc. Georg Lukács ; préface de J.-M. Brohm.
260 ## - PUBLICACIÓN, DISTRIBUCIÓN, ETC.
Lugar de publicación, distribución, etc. Paris :
Nombre del editor, distribuidor, etc. EDI,
Fecha de publicación, distribución, etc. [1965]
300 ## - DESCRIPCIÓN FÍSICA
Extensión 128 p. ;
Dimensiones 20 cm.
500 ## - NOTA GENERAL
Nota general Biblioteca Juan Andrade.
600 14 - PUNTO DE ACCESO ADICIONAL DE MATERIA--NOMBRE DE PERSONA
Nombre de persona Lenin, Vladimir Il'ich,
Fechas asociadas al nombre 1870-1924
9 (RLIN) 71523
650 14 - PUNTO DE ACCESO ADICIONAL DE MATERIA--TÉRMINO DE MATERIA
Término de materia o nombre geográfico como elemento de entrada Marxismo-leninismo.
9 (RLIN) 14808
700 1# - ENTRADA AGREGADA--NOMBRE PERSONAL
Nombre de persona Brohm, Jean Marie.
9 (RLIN) 31880
852 ## - LOCALIZACIÓN
Ubicación ES-MaACL
Número de control de estantería AND-595
Sublocalización o colección R.109893
Holdings
Estatus retirado Estado de pérdida Estado de daño No para préstamo Biblioteca de origen Biblioteca actual Ubicación en estantería Fecha de adquisición Fuente de adquisición Total de préstamos Signatura topográfica completa Código de barras Visto por última vez Precio de reemplazo Tipo de ítem Koha
        Biblioteca del Ateneo de Madrid Biblioteca del Ateneo de Madrid Depósito 2 17/01/2008     AND-595 1110438 23/02/2023 23/02/2023 Libro impreso